00912nam a2200157Ia 4500008004100000082002300041100000900064245016400073260003700237365000600274630016400280730016400444942000900608999001900617952011800636100415s9999 xx 000 0 und d b13849a614.7(5479) aANON aEnvironment Management Plan : Volume Two : Annexures (Revised): Steel Authority of India Limited Raw Material Division : Bokaro Zone - Kuteshwar Limestone Mine aNAGPURc1994bMINSERVICES NAGPUR b0 aEnvironment Management Plan : Volume Two : Annexures (Revised): Steel Authority of India Limited Raw Material Division : Bokaro Zone - Kuteshwar Limestone Mine aEnvironment Management Plan : Volume Two : Annexures (Revised): Steel Authority of India Limited Raw Material Division : Bokaro Zone - Kuteshwar Limestone Mine cBOOK c596763d596760 00104070aBNHSbBNHSd1999-02-12g0.00l0o614.7(5479) 13849pBNHS-13849r2010-04-15 00:00:00w2010-04-15yBOOK